000 00298nam a22001337a 4500
008 171017b xxu||||| |||| 00| 0 eng d
020 _a9780256156959
041 _aeng
080 _23 ED
_a3301.101.542
100 _a52
101 _aMIK
245 _aMICROECONOMIC
_cHYMAN.D.N
942 _2udc
_cBK
999 _c34396
_d34396